000 00480nam a2200181Ia 4500
003 LK-CoDNM
008 010623t1984 xxu||||| |||| 00| 1 eng d
040 _aLK-CoDNM
_dLK-CoDNM
_eLK-CoDNM
041 _aeng
080 _a(X) 398.54 [1]
100 _aGoonatilleke,M.H.
245 _aNaadagama : The first Sri Lankan Theatre
260 _bSri Satguru Publications
_aDelhi
_c1984
300 _b130p,pl., 28 cm
650 _aRaja tun Kattuwa
650 _aTheatre
942 _cBK
999 _c112451
_d112451